000 01095nam a2200277Ia 4500
003 OSt
005 20220918110838.0
006 a|||||r|||| 00| 0
007 ta
008 220915b |||||||| |||| 00| 0 hin d
024 _a203605
037 _cReference Collections
040 _aARTS
_cARTS
_bhin
041 _2hin
_ahin
082 _aO152,1M972x, N7.1-.4(RR)
100 _aशर्मा, बालकृष्ण, नवीन
245 0 _aकाव्य रचनावली
246 _aKāvya rachanāvalī
260 _aनई दिल्ली
_bप्रकाशन संस्थान भारत
_c1997
300 _a361पृ0
490 _vखंड 1
650 _aहिन्दी साहित्य
700 _a चतुर्वेदी, नरेश चन्द्र, संपा.
_99837
942 _hO152,1M972x, N7.1-.4(RR)
_cREF
999 _c115202
_d115202